| 000 | 00534nam a2200169 4500 | ||
|---|---|---|---|
| 001 | 126829 | ||
| 003 | ES-MaACL | ||
| 005 | 20230906192906.0 | ||
| 007 | t| | ||
| 008 | 070214s1948 cu r ||||1| spa d | ||
| 100 | 1 |
_aRexach, Rosario. _996479 |
|
| 245 | 1 | 3 |
_aEl problema de los fines y los medios en la educación / _cRosario Rexach. |
| 260 |
_aLa Habana : _b[s.n.], _c1948 ( _fImp. Cultural) |
||
| 300 |
_a24 p. ; _c23 cm. |
||
| 500 | _aEs separata de la Revista Universidad de La Habana. | ||
| 852 |
_aES-MaACL _j1606-F-2 _bR.26549 |
||
| 999 |
_c126829 _d126829 |
||